Electromagnetism : (Record no. 23687)

MARC details
000 -LEADER
fixed length control field 01526nam a22003255i 4500
003 - CONTROL NUMBER IDENTIFIER
control field EG-ScBUE
005 - DATE AND TIME OF LATEST TRANSACTION
control field 20250622091758.0
008 - FIXED-LENGTH DATA ELEMENTS--GENERAL INFORMATION
fixed length control field 161221r20142002ii a f b 001 0 eng d
020 ## - INTERNATIONAL STANDARD BOOK NUMBER
International Standard Book Number 9788123908717
020 ## - INTERNATIONAL STANDARD BOOK NUMBER
International Standard Book Number 8123908717
040 ## - CATALOGING SOURCE
Original cataloging agency EG-ScBUE
Language of cataloging eng
Description conventions rda
Transcribing agency EG-ScBUE
Modifying agency EG-ScBUE
082 04 - DEWEY DECIMAL CLASSIFICATION NUMBER
Edition number 22
Classification number 537
Item number KAK
100 1# - MAIN ENTRY--PERSONAL NAME
9 (RLIN) 7831
Personal name Kakani, S. L.,
Relator term author.
245 10 - TITLE STATEMENT
Title Electromagnetism :
Remainder of title theory & problems electrodynamics and plasma physics /
Statement of responsibility, etc Dr. S. L. Kakani, M.Sc. (Physics), Ph.D., Principal (Retd.), Government Post-Graduate College, Shahpura, Bhilwara-311 404 (Rajasthan), (Formerly Convener BOS and Member Research Board, M.D.S. University, Ajmer), C. Hemrajani, M.Sc. (Physics), Ph.D., Formerly Head, Physics Department, MLV Government P.G. College, Bhilwara-311 001 (Rajasthan).
246 3# - VARYING FORM OF TITLE
Title proper/short title Electromagnetism :
Remainder of title theory and problems electrodynamics and plasma physics
250 ## - EDITION STATEMENT
Edition statement Reprinted edition.
264 #1 - PUBLICATION, DISTRIBUTION, ETC. (IMPRINT)
Place of publication, distribution, etc New Delhi :
Name of publisher, distributor, etc CBS Publishers & Distributers Pvt. Ltd.,
Date of publication, distribution, etc 2014.
300 ## - PHYSICAL DESCRIPTION
Extent xii, 628 pages :
Other physical details illustrations ;
Dimensions 20 cm
336 ## - CONTENT TYPE
Source rdacontent
Content type term text
Content type code txt
337 ## - MEDIA TYPE
Media type term unmediated
Source rdamedia
Media type code n
338 ## - CARRIER TYPE
Carrier type term volume
Carrier type code nc
Source rdacarrier
500 ## - GENERAL NOTE
General note Includes appendix.<br/>
504 ## - BIBLIOGRAPHY, ETC. NOTE
Bibliography, etc Includes bibliographical references and index.<br/>
650 #7 - SUBJECT ADDED ENTRY--TOPICAL TERM
9 (RLIN) 1928
Topical term or geographic name as entry element Electromagnetism.
Source of heading or term BUEsh
650 #7 - SUBJECT ADDED ENTRY--TOPICAL TERM
9 (RLIN) 32813
Topical term or geographic name as entry element Electromagnetism
Form subdivision Problems, exercises, etc.
Source of heading or term BUEsh
653 ## - INDEX TERM--UNCONTROLLED
Resource For college Engineering, Electrical
Arrived date list December2016
655 ## - INDEX TERM--GENRE/FORM
Form subdivision Reading book
700 1# - ADDED ENTRY--PERSONAL NAME
9 (RLIN) 41738
Personal name Hemrajani, C.‏,
Relator term author.
942 ## - ADDED ENTRY ELEMENTS (KOHA)
Source of classification or shelving scheme Dewey Decimal Classification
Koha item type Book - Borrowing
Holdings
Withdrawn status Lost status Source of classification or shelving scheme Damaged status Not for loan Collection code Home library Current library Shelving location Date acquired Source of acquisition Cost, normal purchase price Serial Enumeration / chronology Total Checkouts Total Renewals Full call number Barcode Date last seen Date checked out Cost, replacement price Price effective from Koha item type
    Dewey Decimal Classification     Alahram Central Library Central Library First floor 21/12/2016 Purchase 83.00 118 1 2 537 KAK 000045277 15/07/2025 31/03/2024 103.75 21/12/2016 Book - Borrowing